Sulphur, camels and gunpowder: the sulphur mines at Jebel Dhanna Abu Dhabi, United Arab Emiratos. An archaeological site of the late Islamic period

שמור ב:
מידע ביבליוגרפי
מחבר ראשי: King, G. R. D (Author)
פורמט: ספר
שפה:ספרדית
יצא לאור: Dubai ADIAS 2003
מהדורה:1a. ed
נושאים:
תגים: הוספת תג
אין תגיות, היה/י הראשונ/ה לתייג את הרשומה!

MARC

LEADER 00000cam a2200000 a 4500
001 UCD5320
003 CL-VaPUC
008 160902e20030000ts |||||||||||||||||spa|d
020 |a 190456643X 
082 0 4 |a 910  |b KIN  |2 21 
100 0 |a King, G. R. D  |e author  |9 589100 
245 1 0 |a Sulphur, camels and gunpowder: the sulphur mines at Jebel Dhanna Abu Dhabi, United Arab Emiratos. An archaeological site of the late Islamic period 
250 |a 1a. ed 
300 |a 112 p 
942 |c BK 
945 |d 20160902 15:38:00  |a dcastane 
260 |a Dubai  |b ADIAS  |c 2003 
650 7 |a CIVILIZACION ARABE  |2 CL-VaPUC  |9 316265 
650 0 |a Arqueología   |9 265619 
650 0 |a Árabes  |9 316264 
583 |a last modification  |c 20160902 15:38:00  |k Rodrigo Vera 
999 |c 366038  |d 366036 
952 |0 0  |1 0  |3 erd  |4 0  |6 910_000000000000000_KIN_2003  |7 0  |8 A  |9 480061  |a BIBING  |b BIBING  |i 5339510  |o 910 KIN 2003  |p 5339510  |r 2025-01-20  |w 2019-11-24  |y BK  |z Catalogado en:20160902  |k CUI